000
00302nam a22001217a 4500
041
_a
ENG
100
_a
Ebeling .C.E
245
_a
An Introduction To Reliability And Maintainability Engineering
260
_a
Delhi
_b
Tata McGraw Hill
_c
1997
300
_a
486
650
_a
M.Tech
856
_u
M.Tech -(7)
999
_c
1005
_d
1005